000 00517nam a22001457a 4500
020 _a9781426215902
040 _cNUST
082 _a910 ANS
100 _aThornton, Kathryn
_982167
245 _aAnswer Book:
_b10,001 Fast Facts About Our World
250 _aUpdated Edition
260 _aUSA:
_bNational Geographic Society Penguin Random House,
_c2009.
650 _aGeography -- Handbooks, manuals, etc. World history -- Handbooks, manuals, etc. Civilization -- Handbooks, manuals, etc.
_988900
942 _2ddc
_cBK
999 _c586413
_d586413